Movies Quiz

Random Movies or Star Trek Quiz

Follow That Line: Star Trek VI - Undiscovered Country Quiz Stats

 Plays Quiz not verified by Sporcle

Also try: Movies of 1989
Challenge
Share
Tweet
Embed
Score 0/38 Timer 10:00
0 Plays Today
% Correct
Fly her apart then!
90.9%
Work badly and you will die.
90.8%
Hardly conclusive, Mister Scott, since Klingons have no tear ducts.
89.7%
Aside from a touch of arthritis, I'd say pretty good.
89.4%
Not everybody keeps their genitals in the same place, captain.
89.4%
Kill the assassins.
88.6%
Your father was killed for what he wanted.
88.5%
One of the advantages of being a thousand light-years from Federation headquarters.
86.9%
Let them die!
86.3%
I find that remark... insulting.
86.3%
Right where I left it, sir.
85.9%
I could only succeed you, sir.
85.6%
There's nothing wrong with the bloody thing.
84.8%
I've never been able to forgive them for the death of my boy.
84.3%
Mister President, I don't know what to believe.
80.3%
No, you were incompetent.
78%
That suits me, I just bought a boat.
77.6%
Tell us that you planned to take revenge for the death of your son.
77.4%
If shoe fits, wear it.
77.4%
% Correct
Officer thinking, lieutenant.
75%
Only Nixon could go to China.
73.3%
I'm not sure how to take that.
73.1%
For that, I shall blow you out of the stars!
72.2%
It never even occurred to me to take Gorkon at his word.
71.4%
Excellent... I mean, too bad.
71%
I wouldn't.
70.8%
More than ever.
70.7%
Are you kidding?
69.6%
I'd give real money if he'd shut up.
69.4%
What you've chosen is at hand.
69.3%
Don't wait for the translation, answer me now!
68%
Earth, Hitler, 1938.
66.4%
They don't take girls.
66.4%
I'm a great one for rushing in where angels fear to tread.
66.2%
Now, that's convincing for both.
64.5%
Have we not heard the chimes at midnight?
58.2%
In space, all warriors are cold warriors.
51.5%
Kobayashi Maru!
47.9%

You're not logged in!

Compare scores with friends on all Sporcle quizzes.
OR
Log In

You Might Also Like...

Show Comments

Extras

Top Quizzes Today


Score Distribution

Your Account Isn't Verified!

In order to create a playlist on Sporcle, you need to verify the email address you used during registration. Go to your Sporcle Settings to finish the process.

Report this User

Report this user for behavior that violates our Community Guidelines.

Details: